=LDR 00000nam 2200000 4500 =001 INLIS000000000002577 =005 20130612090913 =008 ***********************************Ind** =035 ##$$0010-061300000002577 =041 ##$$a Ind =082 ##$$a 616.152 =090 ##$$a 616.152, Wir p =100 ##$$a Wirakusumah, Emma S =245 ##$$a Perencanaan menu anemia gizi besi, Emma S.Wirakusumah =260 ##$$a 1998 $b Jakarta =300 ##$$a vi,58 hlm, ilus, 21 cm =650 ##$$a Anemia =850 ##$$a NBPNMAT =990 ##$$a 0001/BPAP-NTB/20142015 =990 ##$$a 0001/BPAP-NTB/20142015